Catálogo

The human factor : (Registro nro. 62008)

Detalles MARC
000 -LEADER
fixed length control field 00995cam a2200289 i 4500
001 - CONTROL NUMBER
control field 62008
003 - CONTROL NUMBER IDENTIFIER
control field Mx-PuUPA
005 - DATE AND TIME OF LATEST TRANSACTION
control field 20230426145245.0
008 - FIXED-LENGTH DATA ELEMENTS--GENERAL INFORMATION
fixed length control field 150128s1993 miu fr 000 0 eng d
020 ## - INTERNATIONAL STANDARD BOOK NUMBER
International Standard Book Number 080062579X
040 ## - CATALOGING SOURCE
Original cataloging agency MX-PuUPA
Language of cataloging spa
Description conventions rda
Transcribing agency Mx-PuUPA
Modifying agency Mx-PuUPA
041 0# - LANGUAGE CODE
Language code of text/sound track or separate title eng
100 1# - MAIN ENTRY--PERSONAL NAME
Personal name Hefner, Philip J.
Dates associated with a name 1932
Relator term autor
9 (RLIN) 5234
245 14 - TITLE STATEMENT
Title The human factor :
Remainder of title evolution, culture, and religion /
Statement of responsibility, etc. Philip Hefner ; foreword by Arthur Peacocke.
264 #1 - PRODUCTION, PUBLICATION, DISTRIBUTION, MANUFACTURE, AND COPYRIGHT NOTICE
Place of production, publication, distribution, manufacture Minneapolis :
Name of producer, publisher, distributor, manufacturer Augsburg Fortress,
Date of production, publication, distribution, manufacture, or copyright notice ©1993
300 ## - PHYSICAL DESCRIPTION
Extent xvii, 317 páginas ;
Dimensions 23 cm
336 ## - CONTENT TYPE
Content type term texto
Fuente rdacontent
Content type code txt
337 ## - MEDIA TYPE
Media type term sin medio
Source rdamedia
Media type code n
338 ## - CARRIER TYPE
Carrier type term volumen
Source rdacarrier
Carrier type code nc
490 0# - SERIES STATEMENT
Series statement Theology and the Sciences
500 ## - GENERAL NOTE
General note "Winner of the 1995 Templeton Foundation Book Prize".- Portadilla
650 #7 - SUBJECT ADDED ENTRY--TOPICAL TERM
Topical term or geographic name entry element Religión y ciencia
Source of heading or term armarc
700 1# - ADDED ENTRY--PERSONAL NAME
Personal name Peacocke, Arthur,
Relator term colaborador
942 ## - ADDED ENTRY ELEMENTS (KOHA)
Source of classification or shelving scheme Dewey Decimal Classification
Koha item type Libro
Classification part 233
Item part H465
Existencias
Withdrawn status Lost status Source of classification or shelving scheme Damaged status Not for loan Collection code Home library Current library Shelving location Date acquired Source of acquisition Total Checkouts Full call number Barcode Date last seen Price effective from Koha item type Date last checked out
    Dewey Decimal Classification     General Biblioteca Karol Wojtyla Biblioteca Karol Wojtyla Sala general 16/08/2017 Compra   233 HEF 1993 98343 05/01/2026 26/02/2018 Libro 16/10/2017
    Dewey Decimal Classification     General Centro de Estudios en Ciencia y Religión Centro de Estudios en Ciencia y Religión Sala general 28/01/2015 Compra   233 H465 1993 93354 05/01/2026 20/11/2015 Libro